| 000 | 00650nam a22002297a 4500 | ||
|---|---|---|---|
| 005 | 20251108172805.0 | ||
| 008 | 250721s2003 xx 000 0 ara d | ||
| 082 | 1 | 4 | _aط/534/هاج |
| 100 | 1 | _aهاجر، عبدالسلام | |
| 245 | 1 | 0 | _aالأصوات / |
| 264 | 1 |
_aبيروت : _bمؤسسة المعارف، _c2003. |
|
| 300 | _a29ص:مص | ||
| 490 | 0 | _aسلسلة اقرا عن | |
| 650 | 1 | 7 | _aالتعلم |
| 650 | 1 | 7 | _aوسائل التدريس |
| 650 | 1 | 7 | _aالأطفال |
| 650 | 1 | 7 | _aالصوت |
| 650 | 1 | 7 | _aالسجع |
| 653 | _aأطفال مرحلة متوسطة (6-9) سنوات | ||
| 942 |
_2ddc _cBK |
||
| 999 |
_c88550 _d88550 |
||